000 00175 a2200085 4500
041 _aspa
100 _aAnonimo
245 _aIndice de la sociedad Civil Nicaraguense
942 _cBK
999 _c16441
_d16441